• 首页
  • 本馆介绍
  • 公告通知
  • 最新文献
  • 馆藏检索
  • 电子资源
  • 读者导购
  • 参考咨询
  • 我的图书馆
  • 登录
  • 详细信息显示
  • 放入我的书架
  • 预约/预借图书
  • 作者相关作品
  • 分类相关作品
  • 丛书相关作品
  • 出版社相关作品

书目信息

  • 表格格式
  • 工作单格式
  • 卡片格式
题名:
世界旅游指南
    
 
作者: 克利斯·赖斯 著 ;吴莹 译
分册:  
出版信息: 北京   中华书局  1999
页数: 192页
开本: 19cm
丛书名:
单 册:
中图分类: K951.69
科图分类:
主题词: 旅游指南--柏林
电子资源:
ISBN: 7-101-02224-3
000 00771nam0 2200241 450
000 01158nam0 2200313 45
001 TS2006024134
005 20070613143710.92
010    @a7-101-02224-3@dCNY25.00
100    @a20060829d1999 em y0chiy0110 ea
101 0  @achi
102    @aCN@b110000
102    @aCN@b110000
105    @aa z 000yy
200 1  @a世界旅游指南@Abo lin@e柏林@EFei Xu Zhong Fu Huo De Feng Huang@f(英)克利斯·赖斯等著@F(ying)ke li si·lai si deng zhu@g吴莹等译@Grui hu bian zhu
210    @a北京@c中华书局@d1999
215    @a192页@c彩照@d19cm
606 0  @a旅游指南@y柏林
690    @aK951.69@v4
701  0 @a克利斯·赖斯@Ake li si·lai si@c(编辑)@4著
702  0 @a吴莹@Awu ying@4译
801  0 @aCN@b中图数据@c20070613
905    @a10447@dK951.69@e171
    
    世界旅游指南:柏林/(英)克利斯·赖斯等著/吴莹等译.-北京:中华书局,1999
    192页:彩照;19cm
    
    
    ISBN 7-101-02224-3:CNY25.00
    
●
相关链接 在E读中查询图书 在五车中查询图书 在当当中查询图书 在豆瓣中查询图书


正题名:世界旅游指南     索取号:K951.69/171         预约/预借

序号 登录号 条形码 馆藏地/架位号 状态 备注
1 0636508   206365084   第二样本阅览室/ [索取号:K951.69/171] 在馆    
2 0636509   206365093   密集书库/ [索取号:K951.69/171] 在馆    
3 0636510   206365100   密集书库/ [索取号:K951.69/171] 在馆    
4 0636511   206365119   密集书库/ [索取号:K951.69/171] 在馆    
5 0636512   206365128   密集书库/ [索取号:K951.69/171] 在馆    
6 0636513   206365137   密集书库/ [索取号:K951.69/171] 在馆    
7 0636514   206365146   密集书库/ [索取号:K951.69/171] 在馆    
8 0636515   206365155   密集书库/ [索取号:K951.69/171] 在馆    
9 0636516   206365164   密集书库/ [索取号:K951.69/171] 在馆    
唐山师范学院图书馆 欢迎您!
大连网信软件有限公司© 版权所有